Normal view
MARC view
- Kaledin, Victor K
Entry Personal Name
001 - CONTROL NUMBER
- control field: 110075
003 - CONTROL NUMBER IDENTIFIER
- control field: NUST
005 - DATE AND TIME OF LATEST TRANSACTION
- control field: 20230309130949.0
008 - FIXED-LENGTH DATA ELEMENTS
- fixed length control field: 230309|| aca||aabn | a|a d
040 ## - CATALOGING SOURCE
- Original cataloging agency: NUST
- Transcribing agency: NUST
100 ## - HEADING--PERSONAL NAME
- Personal name: Kaledin, Victor K
670 ## - SOURCE DATA FOUND
- Source citation: Work cat.: (NUST): Kaledin, Victor K., K.14-O.M.66 :, 1937
